Szállodai beruházás és hatásainak vizsgálata a Thermal Hotel Visegrád****superior példáján keresztül.

Bibliographic Details
Main Author: Flóris Júlia
Other Authors: Csabáné Budea Ildikó Mária
Format: Thesis
Kulcsszavak:Dunakanyar
Felújítás
pénzügyi elemzés
teljesítményelemzés
versenyképesség
Online Access:http://dolgozattar.uni-bge.hu/59443

MARC

LEADER 00000nta a2200000 i 4500
001 dolg59443
005 20260409145048.0
008 260409suuuu hu om 000 hun d
040 |a BGE Dolgozattár Repozitórium  |b hun 
041 |a hu 
100 1 |a Flóris Júlia 
245 1 0 |a Szállodai beruházás és hatásainak vizsgálata a Thermal Hotel Visegrád****superior példáján keresztül.  |c Flóris Júlia  |h [elektronikus dokumentum] 
520 3 |a Dolgozatom a szállodai beruházások témakörét járja körül, egy konkrét példa bemutatásán keresztül. Kutatásomban arra kerestem a választ, hogy a Thermal Hotel Visegrád****superior felújítása, hogyan befolyásolta a szálloda teljesítményét és pénzügyi eredményét. A Dunakanyarban található Thermal Hotel Visegrád****superior egy wellness és konferencia szálloda, melyben 2022-ben végeztek nagyszabású felújítást. Célom eléréséhez adatelemző módszert alkalmaztam, valamint három vezető pozícióban lévő személlyel készítettem mélyinterjút. A beruházás pénzügyi hátterének megismerése mellett, olyan teljesítményi mutatókat vizsgáltam, mint az átlagos szobaár, foglaltság és a REVPAR. Másrészt kitértem a vendégelégedettség és a versenyképesség kérdésére is. Kutatásomban arra a következtetésre jutottam, hogy a beruházás szükséges és jövedelmező volt a szálloda számára. 
695 |a Dunakanyar 
695 |a Felújítás 
695 |a pénzügyi elemzés 
695 |a teljesítményelemzés 
695 |a versenyképesség 
700 1 |a Csabáné Budea Ildikó Mária  |e ths 
856 4 0 |u http://dolgozattar.uni-bge.hu/59443/1/Szakdolgozat_Fl%C3%B3ris%20J%C3%BAlia.pdf  |z Dokumentum-elérés 
856 4 0 |u http://dolgozattar.uni-bge.hu/59443/2/Titkos%C3%ADt%C3%A1si%20k%C3%A9relem_Fl%C3%B3ris%20J%C3%BAlia.pdf  |z Dokumentum-elérés 
856 4 0 |u http://dolgozattar.uni-bge.hu/59443/3/Fl%C3%B3ris_J%C3%BAlia_opponens_Borsos%20Eva.pdf  |z Dokumentum-elérés 
856 4 0 |u http://dolgozattar.uni-bge.hu/59443/4/B%C3%ADr%C3%A1lati%20lap_Fl%C3%B3ris%20J%C3%BAlia-Csab%C3%A1n%C3%A9%20Budea%202025.pdf  |z Dokumentum-elérés